000 00659nam a2200193Ia 4500
008 151119s9999||||xx |||||||||||||| ||und||
082 _a915.479
082 _bGKKV12171
100 _aघाणेकर प्र के
245 _aविज्ञानातील चमत्कार लोणार
260 _a--
260 _b--
260 _c0
600 _aघाणेकर प्र के
630 _aविज्ञानातील चमत्कार लोणार
700 _aघाणेकर प्र के
730 _aविज्ञानातील चमत्कार लोणार
942 _cBOOK
999 _c1066055
_d1066052